000 00314nam a22001337a 4500
008 170927b xxu||||| |||| 00| 0 eng d
020 _a9780321078919
041 _aeng
080 _26TH
_a37
100 _a47
101 _aEDU
245 _aTHE SCOTT, FORESMAN HANDBOOK FOR WRITERS
_cHAIRSTON,M
942 _2udc
_cBK
999 _c30236
_d30236